000 00549nam a2200205Ia 4500
005 20250304113152.0
008 240825s9999 xx 000 0 und d
020 _a9789354658266
_qpbk
041 _aeng
082 _a612.82
_bBHA
100 _aBhattacharyya, Kalyan B
245 0 _a25 Nobel Laureates In Neurosciences
_cKalyan B Bhattacharyya
250 _a1-ed
260 _bJaypee
_c2023
_achennai
300 _a133p.
490 _vvol-1
650 _aMedical Sciences , Medicine
700 _aBhattacharyya, Kalyan B
942 _cENGLISH
999 _c540451
_d540451